| 000 | 00000nam 2200000zi 4500 |
| 001 | 9.922229 |
| 003 | CaOODSP |
| 005 | 20230503142755 |
| 006 | m o d f |
| 007 | cr |n||||||||| |
| 008 | 230503e19900201onc o f|0| 0 fre d |
| 040 | |aCaOODSP|bfre|erda|cCaOODSP |
| 043 | |an-cn--- |
| 086 | 1 |aIu64-204/1990F-PDF |
| 245 | 00|aGuide d'étude du certificat restreint de radiotéléphoniste (service aéronautique). |
| 264 | 1|aOttawa (Ontario) : |bIndustrie Canada, |cle 1er février 1990. |
| 300 | |a1 ressource en ligne (28 pages) |
| 336 | |atexte|btxt|2rdacontent/fre |
| 337 | |ainformatique|bc|2rdamedia/fre |
| 338 | |aressource en ligne|bcr|2rdacarrier/fre |
| 500 | |aPublié aussi en anglais sous le titre : Study guide for the radiotelephone operator's restricted certificate (aeronautical). |
| 500 | |aÉdition numérisée de l'imprimé [par Innovation, Sciences et Développement économique Canada]. |
| 650 | 6|aRadiotéléphonie|zCanada|vGuides, manuels, etc. |
| 655 | 7|aGuides et manuels|2rvmgf |
| 710 | 1 |aCanada. |bIndustrie Canada, |eorganisme de publication. |
| 775 | 08|tStudy guide for the radiotelephone operator's restricted certificate (aeronautical).|w(CaOODSP)9.893119 |
| 856 | 40|qPDF|s543 Ko|uhttps://publications.gc.ca/collections/collection_2023/isde-ised/iu64/Iu64-204-1990-fra.pdf |